Puerto Rican cookbook /

Bibliographic Details
Main Author: Dooley, Eliza Bellows King, 1880-
Format: Book
Language:English
Published: Richmond : Dietz Press, [1948]
Subjects:

MARC

Tag First Indicator Second Indicator Subfields
LEADER 00000cam a2200000 4500
001 in00000047781
005 20151007075527.0
008 750514s1948 inua 00010 eng u
010 |a  48004885  
035 |a (OCoLC)01330911 
035 |9 AAF3365AM 
040 |c DZM  |d TXA  |d UtOrBLW 
049 |a TXAM  |c [163499] 
050 0 0 |a TX725  |b .D65 
082 0 |a 641.597295 
092 |a 641.5  |b D691p 
100 1 |a Dooley, Eliza Bellows King,  |d 1880- 
245 1 0 |a Puerto Rican cookbook /  |c illus. by the author. 
264 1 |a Richmond :  |b Dietz Press,  |c [1948] 
264 4 |c [©1948] 
300 |a x, 175 pages :  |b illustrations ;  |c 24 cm. 
336 |a text  |b txt  |2 rdacontent 
337 |a unmediated  |b n  |2 rdamedia 
338 |a volume  |b nc  |2 rdacarrier 
650 0 |a Cooking, Puerto Rican. 
999 |a MARS 
999 f f |s 89ea1288-e761-3bdc-ba06-bec3fbd18698  |i 4172992e-ee03-3ebe-90ce-074969d98520  |t 0 
952 f f |p noncirc  |a Texas A&M University  |b College Station  |c Cushing Memorial Library & Archives  |d Cushing: Kelsey Americana (Does not check out)  |t 0  |e TX725 .D65 1948  |h Library of Congress classification  |i unmediated -- volume 
952 f f |p ric  |a Texas A&M University  |b Rellis Campus  |c Joint Library Facility  |d Remote Storage  |t 0  |e TX725 .D65  |h Library of Congress classification  |i unmediated -- volume  |m A14801101513 
998 f f |a TX725 .D65  |t 0  |l Remote Storage 
998 f f |a TX725 .D65 1948  |t 0  |l Cushing: Kelsey Americana (Does not check out)